LEADER 02073nam a2200409 a 4500 001 000000129639 003 CaOOAMICUS 005 20121015104208.0 008 120713s2006 it u000 u ita r 020 $a88-14-11678-4 040 $aPUL$bita 041 1 $aita$hger 100 1 $aBöckenförde, Ernst-Wolfgang.$0(OLS)http://pul/name/52749 240 10$aStaat, Verfassung, Demokratie.$lItaliano.$0(OLS)http://pul/title/165557 245 10$aStato, costituzione, democrazia :$bstudi di teoria della costituzione e di diritto costituzionale /$cErnst-Wolfgang Böckenförde ; a cura di Michele Nicoletti e Omar Brino. 260 $aMilano :$bGiuffrè,$c2006. 300 $aLII, 746 p. ;$c21 cm 490 1 $aCiviltà del diritto ;$v73 500 $aAntologia di diversi testi. 504 $aInclude riferimenti bibliografici. 650 4$aDiritto costituzionale$xTeorie.$0(OLS)http://pul/subject/21707 650 4$aCostituzioni (diritto).$0(OLS)http://pul/subject/14730 700 1 $aBrino, Omar.$0(OLS)http://pul/name/78366 700 1 $aNicoletti, Michele,$d1956-$0(OLS)http://pul/name/13650 830 0$aCiviltà del diritto ;$v73.$0(OLS)http://pul/title/13936 850 $aPUL 852 $aPUL$W1$xDP1 Fondo E. Rossi$y115$m1 B 112$j151372$qFondi$B150171$CPULBib$Z2$F150171 $82 852 $aPUL$W1$xDP2 Diritto e Scienze Sociali 3$y110$m340 COLL 4.73$j175371$qDDC 21$B148654$CPULBib$Z2$F148654 $H120443 $82 852 $aPUL$W1$xDP2 Diritto e Scienze Sociali 3$y110$m340 COLL 4.73B$j197520$qDDC 21$B202305$CPULBib$Z2$F202305 $H133999 $82 941 1 $a1 941 1 $a9 961 $aPrecedente Collocazione: DCiv 94 73 961 $aSul dorso collocazione ms. di E. Rossi: B 68 13 996 $6020$a88-14-11678-4$9(OLS)http://pul/number/150265 996 $6245$aStato, costituzione, democrazia :$bstudi di teoria della costituzione e di diritto costituzionale$9(OLS)http://pul/title/163858 996 $6260$aMilano :$bGiuffrè$9(OLS)http://pul/publisher/48401 LEADER 01125nam a2200265 u 4500 001 000000051775 003 CaOOAMICUS 005 20070226115356.0 008 000927s1954 it u000 u ita u 035 $a10856626 040 $aPUL(R)$bita 100 1 $aGiampiccolo, Giorgio.$0(OLS)http://pul/name/37152 245 13$aIl contenuto atipico del testamento :$bcontributo ad uno teoria dell'atto di ultima volontà /. 260 $aMilano :$bA. Giuffrè,$c1954. 300 $axv, 388 p. ;$c25 cm 500 $aContiene indici. 504 $aBibliografia in nota. 650 4$aDiritto civile.$0(OLS)http://pul/subject/2145 650 4$aTestamento$xDiritto e legislazione.$0(OLS)http://pul/subject/1512 850 $aPUL 852 $aPUL$W1$xDP1 Fondo Ciprotti$y59$m1540 D 1$j68561$nBK-PRI$b $qFondi$B68561$CPULBib$Z2$F68561 $H $81 941 1 $a1 961 $aINV: F. Ciprotti 996 $6245$aIl contenuto atipico del testamento :$bcontributo ad uno teoria dell'atto di ultima volontà$9(OLS)http://pul/title/69509 996 $6260$aMilano :$bA. Giuffrè$9(OLS)http://pul/publisher/48096